000 00921nam a2200289Ia 4500
008 170203s9999 xx 000 0 und d
020 _a0 753405113
050 _a0 30
050 _bS814i 1995
100 _aSteele, Philip, 1948-
245 _aPyramids were built? and other questions about ancient Egypt /
245 _cPhilip Steele.
260 _aDanbury, Connecticut :
260 _bGrolier,
260 _c2005
300 _a32 pages :
300 _bcolor illustrations ;
300 _c29 cm.
440 _aI wonder why series.
500 _aOriginally published: London : Kingfisher, c1995.
650 _aChildren's questions and answers.
650 _aEgypt -- Civilization -- To 332 B.C. --
650 _aEgypt -- Social life and customs -- To 332 B.C. --
650 _xJuvenile literature.
650 _xJuvenile literature.
700 _aI wonder why pyramids were built?, Title.
999 _c305633
_d305633